Statystyki dla Reprezentacja Polski w skokach narciarskich.

Kliknij tutaj aby rozwiązać quiz!

Ogólne statystyki

  • Ten quiz został rozwiązany 560 razy
  • Średni wynik to 8 z 9

Statystyki odpowiedzi

Odpowiedź% Poprawnych
Dawid Kubacki
98%
Kamil Stoch
97%
Maciej Kot
96%
Piotr Żyła
95%
Stefan Hula
94%
Jakub Wolny
87%
Aleksander Zniszczoł
82%
Klemens Murańka
82%
Paweł Wąsek
75%

Rozkład punktacji

Percentyl według liczby udzielonych odpowiedzi

Procent ludzi z każdym wynikiem

Twoja historia wyników

Nie rozwiązałeś tego quizu